<?xml version="1.0" encoding="UTF-8"?>
<record
    xmlns:xsi="http://www.w3.org/2001/XMLSchema-instance"
    xsi:schemaLocation="http://www.loc.gov/MARC21/slim http://www.loc.gov/standards/marcxml/schema/MARC21slim.xsd"
    xmlns="http://www.loc.gov/MARC21/slim">

  <leader>00753cam a2200253   4500</leader>
  <controlfield tag="001">.b25998584</controlfield>
  <controlfield tag="003">YEEZEN</controlfield>
  <controlfield tag="005">20260202151354.0</controlfield>
  <controlfield tag="008">250218s2025    ch ak  e      000 0 chi d</controlfield>
  <datafield tag="020" ind1=" " ind2=" ">
    <subfield code="a">9786264140744</subfield>
    <subfield code="q">(&#x5E73;&#x88DD;) :</subfield>
    <subfield code="c">&#x65B0;&#x81FA;&#x5E63;520&#x5143;</subfield>
  </datafield>
  <datafield tag="040" ind1=" " ind2=" ">
    <subfield code="a">FCU</subfield>
    <subfield code="b">chi</subfield>
    <subfield code="c">FCU</subfield>
    <subfield code="e">ccr</subfield>
  </datafield>
  <datafield tag="042" ind1=" " ind2=" ">
    <subfield code="a">nbic</subfield>
  </datafield>
  <datafield tag="090" ind1=" " ind2=" ">
    <subfield code="a">494</subfield>
  </datafield>
  <datafield tag="100" ind1="1" ind2=" ">
    <subfield code="a">&#x80E1;&#x4E16;&#x96C4;</subfield>
  </datafield>
  <datafield tag="245" ind1="1" ind2="0">
    <subfield code="a">&#x8077;&#x5834;&#x521D;&#x5FC3;&#x8005;&#x4E00;&#x6B21;&#x5B78;&#x6703;&#x5C08;&#x6848;&#x7BA1;&#x7406; :</subfield>
    <subfield code="b">&#x5F9E;&#x96F6;&#x958B;&#x59CB;&#x7CFB;&#x7D71;&#x5316;&#x638C;&#x63E1;&#x5718;&#x968A;&#x5354;&#x4F5C;.&#x6548;&#x7387;&#x8207;&#x98A8;&#x96AA;&#x7BA1;&#x7406; /</subfield>
    <subfield code="c">&#x80E1;&#x4E16;&#x96C4;, &#x6C5F;&#x8ECD;, &#x5F6D;&#x7ACB;&#x8A00;&#x8457;</subfield>
  </datafield>
  <datafield tag="250" ind1=" " ind2=" ">
    <subfield code="a">&#x521D;&#x7248;</subfield>
  </datafield>
  <datafield tag="260" ind1=" " ind2=" ">
    <subfield code="a">&#x65B0;&#x5317;&#x5E02; :</subfield>
    <subfield code="b">&#x535A;&#x78A9;,</subfield>
    <subfield code="c">2025.01</subfield>
  </datafield>
  <datafield tag="300" ind1=" " ind2=" ">
    <subfield code="a">274&#x9762; :</subfield>
    <subfield code="b">&#x5716;, &#x8868; ;</subfield>
    <subfield code="c">23&#x516C;&#x5206;</subfield>
  </datafield>
  <datafield tag="504" ind1=" " ind2=" ">
    <subfield code="a">&#x542B;&#x53C3;&#x8003;&#x66F8;&#x76EE;</subfield>
  </datafield>
  <datafield tag="650" ind1=" " ind2="7">
    <subfield code="2">lcstt</subfield>
    <subfield code="a">&#x5C08;&#x6848;&#x7BA1;&#x7406;</subfield>
  </datafield>
  <datafield tag="700" ind1="1" ind2=" ">
    <subfield code="a">&#x6C5F;&#x8ECD;</subfield>
  </datafield>
  <datafield tag="700" ind1="1" ind2=" ">
    <subfield code="a">&#x5F6D;&#x7ACB;&#x8A00;</subfield>
  </datafield>
  <datafield tag="942" ind1=" " ind2=" ">
    <subfield code="2">ccl</subfield>
    <subfield code="c">BOOK</subfield>
  </datafield>
  <datafield tag="999" ind1=" " ind2=" ">
    <subfield code="c">7694</subfield>
    <subfield code="d">7694</subfield>
  </datafield>
  <datafield tag="952" ind1=" " ind2=" ">
    <subfield code="0">0</subfield>
    <subfield code="1">0</subfield>
    <subfield code="2">ccl</subfield>
    <subfield code="4">0</subfield>
    <subfield code="7">0</subfield>
    <subfield code="a">yeezen</subfield>
    <subfield code="b">yeezen</subfield>
    <subfield code="c">YEEZEN</subfield>
    <subfield code="d">2026-02-02</subfield>
    <subfield code="l">0</subfield>
    <subfield code="o">494</subfield>
    <subfield code="p">C03278</subfield>
    <subfield code="r">2026-02-02 00:00:00</subfield>
    <subfield code="w">2026-02-02</subfield>
    <subfield code="y">BOOK</subfield>
    <subfield code="z">👉&#x5F9E;&#x65B0;&#x624B;&#x5230;&#x5C08;&#x6848;&#x9AD8;&#x624B;&#x7684;&#x7B2C;&#x4E00;&#x6B65;&#xFF0C;&#x6253;&#x958B;&#x5C08;&#x6848;&#x7BA1;&#x7406;&#x7684;&#x5927;&#x9580;&#xFF01;👈 &#x5C08;&#x6848;&#x7BA1;&#x7406;&#x4E0D;&#x518D;&#x662F;&#x5C08;&#x696D;&#x4EBA;&#x58EB;&#x7684;&#x5C08;&#x5C6C;&#xFF0C;&#x672C;&#x66F8;&#x70BA;&#x521D;&#x5165;&#x8077;&#x5834;&#x7684;&#x60A8;&#x91CF;&#x8EAB;&#x6253;&#x9020;&#xFF01;&#x7121;&#x8AD6;&#x60A8;&#x662F;&#x5426;&#x6709;&#x7BA1;&#x7406;&#x7D93;&#x9A57;&#xFF0C;&#x672C;&#x66F8;&#x90FD;&#x5C07;&#x4EE5;&#x6DFA;&#x986F;&#x6613;&#x61C2;&#x7684;&#x65B9;&#x5F0F;&#xFF0C;&#x5E36;&#x9818;&#x60A8;&#x5F9E;&#x96F6;&#x958B;&#x59CB;&#x5B78;&#x7FD2;&#x5C08;&#x6848;&#x7BA1;&#x7406;&#x7684;&#x57FA;&#x790E;&#x6982;&#x5FF5;&#x8207;&#x5BE6;&#x52D9;&#x6280;&#x5DE7;&#x3002;&#x900F;&#x904E;&#x9019;&#x672C;&#x66F8;&#xFF0C;&#x60A8;&#x5C07;&#x638C;&#x63E1;&#x5982;&#x4F55;&#x898F;&#x5283;&#x3001;&#x5354;&#x4F5C;&#x3001;&#x57F7;&#x884C;&#x5C08;&#x6848;&#xFF0C;&#x4E26;&#x5728;&#x5DE5;&#x4F5C;&#x8207;&#x751F;&#x6D3B;&#x4E2D;&#x5BE6;&#x73FE;&#x76EE;&#x6A19;&#x3002;</subfield>
  </datafield>
</record>
